Stolice państw Ameryki Środkowej - Statystyki

Ogólne statystyki
  • Ten quiz został rozwiązany 206 razy
  • Średni wynik to 5 z 7
Statystyki odpowiedzi
Państwo Stolica % Poprawnych
Panama Panamá
89%
Gwatemala Gwatemala
87%
Salwador San Salvador
81%
Kostaryka San José
72%
Belize Belmopan
71%
Honduras Tegucigalpa
67%
Nikaragua Managua
62%
Nie znaleziono quizów pasujących do podanych kryteriów
Rozkład punktacji
Procent ludzi z każdym wynikiem
Percentyl według liczby udzielonych odpowiedzi
Twoja historia wyników
Nie rozwiązałeś tego quizu